[Event "AUTO-INT-3949"]
[Site "http://www.queenalice.com/game.php?id=1864869"]
[Date "2025.10.29"]
[Round "1"]
[White "Kn1ght1962"]
[Black "Anusha"]
[Result "0-1"]
[WhiteElo "1690"]
[BlackElo "1935"]

1. e4 c5 2. a3 Nc6 3. Qf3 Nf6 4. d3 d6 5. h3 Bd7 6. Nc3 a6 7. Nge2 e6 8. Be3 Be7
9. Qg3 Ne5 10. Qxg7 Rg8 11. Qh6 Rg6 12. Qh4 Qc7 13. Nf4 Rg8 14. Be2 O-O-O 15.
O-O Kb8 16. d4 cxd4 17. Bxd4 Bc6 18. Nd3 Nxe4 19. Qxh7 Rh8 20. Qg7 Rdg8 21. Qxh8
Rxh8 22. Nxe5 dxe5 23. Be3 Bc5 24. Nxe4 Bxe4 25. c4 Rg8 26. g3 Bxe3 27. b4 Bd4
28. Rac1 Rxg3+ 29. Kh2 Rg2+ 30. Kh1 Rxf2+ 0-1

[Event "AUTO-INT-3949"]
[Site "http://www.queenalice.com/game.php?id=1864870"]
[Date "2025.10.29"]
[Round "1"]
[White "Anusha"]
[Black "Kn1ght1962"]
[Result "1-0"]
[WhiteElo "1917"]
[BlackElo "1711"]

1. c4 e5 2. g3 h6 3. Bg2 c6 4. Nc3 d6 5. d3 Nd7 6. Nf3 Ngf6 7. O-O a6 8. b4 Be7
9. a4 b6 10. Be3 Rb8 11. b5 axb5 12. axb5 cxb5 13. Nxb5 O-O 14. Nh4 Ng4 15. Nf5
Ndf6 16. Nxe7+ Qxe7 17. Bd2 Be6 18. Ra7 Bd7 19. Bb4 Rfd8 20. Bxd6 Qe6 21. Bxb8
Rxb8 22. h3 Nxf2 23. Rxf2 Rd8 24. Qc2 Rc8 25. Qb2 e4 26. Qd4 e3 27. Rf1 Rd8 28.
Qf4 Nh5 29. Qh4 Nf6 30. Qf4 Re8 31. Nc7 Qe5 32. Nxe8 Qxe8 33. Ra8 Bc8 34. Qc7
Kh7 35. Rxc8 Qe6 36. Rb8 Nd7 37. Rb7 Nc5 38. Rxb6 Qe5 39. Qxe5 1-0

[Event "AUTO-INT-3954"]
[Site "http://www.queenalice.com/game.php?id=1866712"]
[Date "2025.12.7"]
[Round "1"]
[White "Kn1ght1962"]
[Black "tche_elvio"]
[Result "1-0"]
[WhiteElo "1691"]
[BlackElo "1646"]

1. e4 c5 2. Bc4 e6 3. h3 Nc6 4. c3 d5 5. exd5 Bd7 6. dxc6 Bxc6 7. Nf3 Bd6 8. d4
b5 9. dxc5 Bxc5 10. b4 Qxd1+ 11. Kxd1 Bxf3+ 12. gxf3 Bxf2 13. Bxb5+ Ke7 14. Nd2
Rd8 15. Ba3 Be3 16. Rh2 Nf6 17. Ba4 Rxd2+ 18. Rxd2 Bxd2 19. Kxd2 Rd8+ 20. Kc2
Nh5 21. Rb1 f5 22. h4 Kf7 23. b5 Nf4 24. Bc5 Rd7 25. b6 1-0

[Event "AUTO-INT-3954"]
[Site "http://www.queenalice.com/game.php?id=1866714"]
[Date "2025.12.7"]
[Round "1"]
[White "Kn1ght1962"]
[Black "Yanni"]
[Result "1-0"]
[WhiteElo "1681"]
[BlackElo "1495"]

1. e4 e5 2. d3 Bb4+ 3. c3 Bd6 4. Nf3 Nf6 5. Be3 a6 6. Nbd2 h6 7. h3 Nc6 8. Be2
Qe7 9. d4 exd4 10. cxd4 Bb4 11. O-O d6 12. a3 Ba5 13. b4 Bb6 14. Qa4 Bd7 15. b5
a5 16. bxc6 bxc6 17. Rfe1 c5 18. Qc4 O-O 19. d5 Kh7 20. Bd3 Rh8 21. e5+ Kg8 22.
exf6 Qxf6 23. Ne4 Qg6 24. Nxd6 Qxd6 25. Rad1 Re8 26. Rd2 c6 27. dxc6 Be6 28. Qb5
Ba7 29. c7 Rc8 30. Bh7+ Kxh7 31. Rxd6 Rxc7 32. Qxa5 Bf5 33. Qxc7 Bb8 34. Qxc5
Be4 35. Rd7 Re8 36. Rxf7 Re5 37. Nxe5 Bxe5 38. Qxe5 Bg6 39. Qxg7# 1-0

[Event "AUTO-OPEN-4629"]
[Site "http://www.queenalice.com/game.php?id=1866790"]
[Date "2025.12.9"]
[Round "1"]
[White "LAIRE"]
[Black "Kn1ght1962"]
[Result "1-0"]
[WhiteElo "2190"]
[BlackElo "1700"]

1. d4 d5 2. c4 dxc4 3. Nf3 h6 4. e3 b5 5. a4 Bd7 6. axb5 Bxb5 7. Na3 c6 8. Nxb5
cxb5 9. b3 e5 10. Nxe5 Bd6 11. Qf3 Bxe5 12. Qxa8 Bxd4 13. Qe4+ Ne7 14. Qxd4 O-O
15. Qxd8 Rxd8 16. bxc4 Nbc6 17. Bb2 bxc4 18. Bxc4 Rb8 19. Bd4 Nb4 20. O-O Nec6
21. Rfc1 Nxd4 22. exd4 Nc6 23. Bxf7+ Kxf7 24. Rxc6 a5 25. f4 1-0

[Event "AUTO-OPEN-4629"]
[Site "http://www.queenalice.com/game.php?id=1866791"]
[Date "2025.12.9"]
[Round "1"]
[White "Kn1ght1962"]
[Black "LAIRE"]
[Result "0-1"]
[WhiteElo "1713"]
[BlackElo "2191"]

1. e4 e6 2. d3 d5 3. exd5 exd5 4. h3 Bd6 5. a3 c5 6. Nf3 Nf6 7. Bg5 h6 8. Be3
O-O 9. Qd2 Re8 10. Be2 Nbd7 11. Bxh6 gxh6 12. Qxh6 Nh7 13. Nbd2 Qf6 14. Qxf6
Nhxf6 15. O-O-O Rxe2 16. Rde1 Rxe1+ 17. Rxe1 Nf8 18. g4 Bd7 19. Rh1 Ng6 20. g5
Nh5 21. h4 Re8 22. Kb1 b5 23. d4 c4 24. c3 a5 25. Nf1 b4 26. a4 bxc3 27. bxc3
Bf5+ 28. Kb2 Ngf4 29. Ne3 Be4 30. Nf5 Bxf5 31. Ne5 Bxe5 32. dxe5 Nd3+ 0-1

[Event "AUTO-OPEN-4629"]
[Site "http://www.queenalice.com/game.php?id=1866817"]
[Date "2025.12.9"]
[Round "1"]
[White "Kn1ght1962"]
[Black "Castling"]
[Result "0-1"]
[WhiteElo "1703"]
[BlackElo "1770"]

1. e4 e5 2. Nf3 d6 3. h3 h6 4. a3 a6 5. d3 Be6 6. Be3 Nc6 7. c3 Nf6 8. Be2 Be7
9. Qd2 Bb3 10. O-O Qd7 11. Nh4 Nxe4 12. dxe4 Bxh4 13. Bg4 Qe7 14. a4 Nd8 15. Qd5
Bxd5 16. exd5 Bg5 17. Re1 Bxe3 18. Rxe3 O-O 19. Re1 c6 20. dxc6 Nxc6 21. Nd2 d5
22. Nf3 e4 23. Rad1 Rad8 24. b4 b5 25. axb5 axb5 26. Nd4 Nxd4 27. cxd4 Ra8 28.
Be2 Qxb4 29. Rb1 Qxd4 30. Rxb5 Qe5 31. Bg4 Ra2 32. Rc5 Rxf2 33. Kxf2 Qd4+ 34.
Kg3 Qxc5 35. Kh2 Qf2 36. Re2 Qf1 37. Rb2 f5 38. Bh5 Qf4+ 39. Kg1 Rc8 40. Bf7+
Kxf7 41. Rf2 Rc1+ 42. Rf1 Qe3+ 0-1

[Event "AUTO-OPEN-4635"]
[Site "http://www.queenalice.com/game.php?id=1868288"]
[Date "2026.1.21"]
[Round "1"]
[White "Capixaba789"]
[Black "Kn1ght1962"]
[Result "1-0"]
[WhiteElo "1973"]
[BlackElo "1705"]

1. d4 d5 2. Nc3 e6 3. f4 Nc6 4. Nf3 f6 5. e3 a6 6. Bd3 Bd6 7. O-O e5 8. fxe5
fxe5 9. dxe5 Nxe5 10. Nxe5 Bxe5 11. Qh5+ g6 12. Qxe5+ Ne7 13. Qxh8+ Kd7 14.
Qxd8+ Kxd8 15. Bd2 Bd7 16. Rf8+ Be8 17. e4 dxe4 18. Nxe4 Kd7 19. Nf6+ Kc6 20.
Rxe8 Rxe8 21. Nxe8 1-0

[Event "AUTO-OPEN-4635"]
[Site "http://www.queenalice.com/game.php?id=1868289"]
[Date "2026.1.21"]
[Round "1"]
[White "Kn1ght1962"]
[Black "Capixaba789"]
[Result "0-1"]
[WhiteElo "1707"]
[BlackElo "1915"]

1. e4 e5 2. Nf3 d6 3. h3 Nc6 4. c3 Nf6 5. a3 Be7 6. Bc4 Nxe4 7. d3 Nf6 8. Ng5
Bf5 9. Nxf7 Qd7 10. Nxh8 O-O-O 11. Nf7 Rf8 12. Nxe5 Nxe5 13. Bb3 Nxd3+ 14. Ke2
Kb8 15. Bc2 Nxc1+ 16. Qxc1 Qb5+ 17. Kd1 Ne4 18. Bxe4 Bxe4 19. c4 Qc5 20. Nd2
Bxg2 21. Re1 Bh4 22. Qc3 Bf6 23. Qe3 Qc6 24. Kc2 h6 25. Re2 a6 26. Rae1 Bg5 27.
Qd4 Bxh3 28. Kb1 Bf5+ 29. Ka1 b6 30. Qxg7 Rd8 31. Qf7 Bg4 32. Re8 Rxe8 33. Rxe8+
Kb7 34. Ne4 Bd7 35. Rf8 Qxe4 36. Rg8 Be6 37. Qe8 Qe1+ 38. Ka2 Bxc4+ 39. b3 Qd2+
40. Kb1 Bxg8 41. Qxg8 Qc1+ 42. Ka2 Qc2+ 43. Ka1 Bf6# 0-1

[Event "AUTO-INT-3958"]
[Site "http://www.queenalice.com/game.php?id=1868404"]
[Date "2026.1.25"]
[Round "1"]
[White "Kn1ght1962"]
[Black "Jsc"]
[Result "0-1"]
[WhiteElo "1683"]
[BlackElo "1745"]

1. e4 e6 2. a3 c5 3. Nf3 Nc6 4. Nc3 a6 5. h3 d6 6. d3 Be7 7. h4 h6 8. Be3 Nf6 9.
Nh2 b5 10. Be2 Qb6 11. Bf3 e5 12. Qd2 Be6 13. b4 Nd4 14. Nd5 Nxd5 15. exd5 Nxf3+
16. Nxf3 Bxd5 17. O-O-O f5 18. Rde1 f4 19. bxc5 fxe3 20. Qxe3 Qc7 21. cxd6 Bxd6
22. d4 e4 23. Nd2 O-O 24. Nxe4 Bf4 25. Nc5 Bxe3+ 26. Rxe3 Bxg2 27. Rhe1 Qf4 28.
Re2 Qxd4 29. Nb3 Qf4 30. Nc5 Rfe8 31. Ne6 Rxe6 0-1

[Event "AUTO-INT-3958"]
[Site "http://www.queenalice.com/game.php?id=1868405"]
[Date "2026.1.25"]
[Round "1"]
[White "Jsc"]
[Black "Kn1ght1962"]
[Result "1-0"]
[WhiteElo "1730"]
[BlackElo "1698"]

1. e4 e5 2. Nf3 d6 3. h3 a6 4. a4 h6 5. Bc4 Qf6 6. Nc3 c6 7. d4 Nd7 8. a5 exd4
9. Nxd4 Qg6 10. O-O Ne5 11. Be2 Bxh3 12. g3 Bxf1 13. Bh5 Qf6 14. Kxf1 Ne7 15. f4
Nc4 16. Be2 d5 17. b3 Nd6 18. e5 Qg6 19. exd6 Qxd6 20. Bg4 Qg6 21. Kg2 Nc8 22.
Qe2+ Be7 23. Ba3 c5 24. Bxc5 Nd6 25. Nxd5 Qe4+ 26. Qxe4 Nxe4 27. Bxe7 Nf6 28.
Bxf6 gxf6 29. Nc7+ Ke7 30. Re1+ Kf8 31. Nxa8 1-0

[Event "AUTO-INT-3958"]
[Site "http://www.queenalice.com/game.php?id=1868408"]
[Date "2026.1.25"]
[Round "1"]
[White "Kn1ght1962"]
[Black "zmanomega"]
[Result "1-0"]
[WhiteElo "1699"]
[BlackElo "1648"]

1. e4 e5 2. Nf3 d6 3. h3 f6 4. Bc4 Ne7 5. Nc3 a6 6. a3 b5 7. Be2 c6 8. d4 exd4
9. Qxd4 Ng6 10. Be3 c5 11. Qd5 Ra7 12. Rd1 Rd7 13. O-O Bb7 14. Qh5 Kf7 15. Rfe1
Kg8 16. a4 b4 17. Nd5 Bc6 18. Bc4 Bxd5 19. Qxd5+ 1-0

[Event "AUTO-ADV-4915"]
[Site "http://www.queenalice.com/game.php?id=1868456"]
[Date "2026.1.26"]
[Round "1"]
[White "SGF"]
[Black "Kn1ght1962"]
[Result "0-1"]
[WhiteElo "1768"]
[BlackElo "1688"]

1. e4 e5 2. Qf3 Nf6 3. d3 h6 4. Be2 a6 5. Qg3 d6 6. h4 Nc6 7. c3 Be6 8. b4 Qd7
9. a4 Be7 10. Bf3 O-O-O 11. Qxg7 Rdg8 12. Bxh6 Rxg7 13. Bxg7 Rh7 14. Bxf6 Bxf6
15. h5 Kb8 16. Ne2 Qe7 17. b5 Na5 18. Nd2 Bg5 19. Rb1 Bxd2+ 20. Kxd2 Qg5+ 21.
Ke1 Nb3 22. Rb2 Nc5 23. bxa6 Nxa6 24. g4 Nc5 25. Kd1 Nxd3 26. Kc2 Nxf2 27. Rh2
Qe3 28. Kb1 Qxf3 29. g5 Qxe4+ 30. Ka1 Qxa4+ 31. Kb1 Nd3 32. Ng3 Qd1# 0-1